00997pab a2200145 454500008004000000100001800040245007800058260000900136300001500145362001200160520055300172650005100725650003100776773004400807180718b2003 xxu||||| |||| 00| 0 eng d aSingh, Sujata aManaging Rajasthan's scarce water resources: Impact of government schemes c2003 ap.501-519. aJul-Sep aThe article highlights the urgency to address the chronic water problems of a water-starved state like Rajasthan. Based on data from a field survey conducted by the author, the article examines the various approaches that have been adopted for tapping and harnessing water resources in Rajashtan. The article emphasises the need to keep politics out of planning and execution of schemes for the management of Rajasthan's scarce water resources. Mistakes made in the past should serve as important lessons in the design of new schemes. - Reproduced. aWater resources management - India - Rajasthan aWater resources management aIndian Journal of Public Administration